Score 0/22 Timer 04:00
0 Plays Today
% Correct
King's Speech
94%
Sound of Music
93.4%
Godfather
93%
English Patient
91.6%
Greatest Show on Earth
90.9%
Last Emperor
90.6%
Departed
89.7%
Shape of Water
89.2%
Artist
88.4%
French Connection
87.2%
Hurt Locker
87%
% Correct
Best Years of Our Lives
86.6%
Silence of the Lambs
85.2%
Apartment
82.6%
Deer Hunter
82.5%
Bridge on the River Kwai
82.3%
Life of Emile Zola
79.6%
Sting
78.7%
Lord of the Rings: The Return of the King
74.9%
Great Ziegfeld
74.3%
Lost Weekend
72.6%
Broadway Melody
33.8%
Remove Ads.
Support Sporcle.
Get the best of Sporcle when you Go Orange. This ad-free experience offers more features, more stats, and more fun while also helping to support Sporcle. Thank you for becoming a member.

You're not logged in!

Compare scores with friends on all Sporcle quizzes.
OR
Log In

Sporcle TV

Today on Sporcle TV


Watch our educational content, quiz creation guides, and fun videos on Sporcle TV.

Show Comments

Extras

Top Quizzes Today


Score Distribution

Paid Content

Your Account Isn't Verified!

In order to create a playlist on Sporcle, you need to verify the email address you used during registration. Go to your Sporcle Settings to finish the process.

Report this User

Report this user for behavior that violates our Community Guidelines.

Details: